000 00577nam a22002417a 4500
003 UA-OsUOA
001 26228
007 ta
008 20040524b un ||||| |||| 00| 0 ukr d
100 _aПроценко А.М.
090 _a621
_bП84
942 _cBK
040 _aUA-OsUOA
_brus
_cUA-OsUOA
_dUA-OsUOA
245 _aЭнергетика сегодня и завтра
300 _a220 с.
955 _a0
041 _arus
080 _a621
260 _aМосква
_bМолодая гвардия
_c1987
044 _aRU
650 7 _2UDC
999 _c312544
_d312544